000 01352cam a2200373 a 4500
999 _c21168
_d21168
001 13324983
003 OSt
005 20200616095842.0
008 030623s2003 ii b 001 0 eng
010 _a 2003331135
020 _a8170337879
020 _a9788170337874
025 _aI-E-2003-331135; 68-13; 68-02
035 _a(DLC) 2003331135
037 _bLibrary of Congress -- New Delhi Overseas Office
_cRs425.00
040 _aDLC
_coclc
_dDLC
042 _alcode
043 _aa-ii---
_an-us---
050 0 0 _aDS422.C3
_bN35 2003
082 _a305.800954
_bNAM/C
100 _aNamishray, Mohan Dass
_92939
245 1 0 _aCaste and race :
_bcomparative study of BR Ambedkar and Martin Luther King /
_cMohan Dass Namishray.
260 _aJaipur :
_bRawat Publications,
_cc2003.
300 _a216 p. ;
_c23 cm.
504 _aIncludes bibliographical references and index.
520 _aOn comparing caste discrimination in India with racial discrimination in United States.
650 0 _aDalits
_zIndia
_xGovernment policy.
650 0 _aSocial conflict
_zIndia.
650 0 _aRace discrimination
_zUnited States.
651 0 _aIndia
_xEthnic relations.
906 _a7
_bcbc
_corigode
_d3
_encip
_f20
_gy-gencatlg
942 _2ddc
_cBK
_h305.800954
_iNAM/C
_k305.800954
_mNAM/C